Jedi High Council Members during the Clone Wars - Statistics

General Stats
  • This quiz has been taken 92 times
  • The average score is 7 of 12
Answer Stats
Rank Answer % Correct
Grand Master Yoda
100%
Master Mace Windu
97%
Master Obi-Wan Kenobi
97%
Master Ki-Adi-Mundi
85%
Master Plo Koon
78%
Master Kit Fisto
76%
Knight Anakin Skywalker
70%
Master Shaak Ti
59%
Master Agen Kolar
37%
Master Stass Allie
23%
Master Saesee Tin
22%
Master Coleman Kajj
0%
No matching quizzes found
Score Distribution
Percent of People with Each Score
Percentile by Number Answered
Your Score History
You have not taken this quiz